000 00377nam a2200133Ia 4500
008 220217s9999||||xx |||||||||||||| ||und||
020 _a81-7029-336-7
082 _a005.43 THA
100 _aThakker, Kaushal Mirchandani, Ramesh, Etal
_91824
245 0 _aWorking with unix
260 _aBPB publications
_bNew Delhi
_c1996
300 _b150
650 _aOperating systems
999 _c167666
_d167666